| 000 | 00485nam a2200133Ia 4500 | ||
|---|---|---|---|
| 008 | 250110s9999 xx 000 0 und d | ||
| 041 | _aeng | ||
| 100 |
_aKatake Shraddha _9211011 |
||
| 245 | _aMitigating Impacts Of Linear Infrastructure On Wildlife In Central Indian Landscape: Case Of Newegaon Nagzira Tiger Reserve | ||
| 260 |
_bBNCA M.Arch. Landscape Architecture _c2020 |
||
| 300 | _a120p | ||
| 500 | _aLandscape Architeture | ||
| 700 |
_aGuide Name:Sahasrtabuddhe Swati _9211012 |
||
| 999 |
_c364715 _d364715 |
||